| 000 | 01660naa a22003257a 4500 | ||
|---|---|---|---|
| 001 | BR8500095 | ||
| 003 | BR-BrBNA | ||
| 005 | 20240918175505.0 | ||
| 007 | ta | ||
| 008 | 230509b bl.||||| |||| 00| 0 por d | ||
| 040 |
_aBR-BrBNA _bpor _cBiblioteca Nacional de Agricultura |
||
| 041 | _a(Pt) | ||
| 072 |
_aH10 _b3877 _b0440 _b0333 _bG514 |
||
| 090 | _aH10 BR8500095 | ||
| 100 | 1 | _aSilva, M.T.B. da | |
| 100 | 1 | _aRuedell, J. | |
| 111 | 1 |
_a3. Reuniao Estadual de Pesquisa e Assistencia Tecnica do Linho _cPasso Fundo, RS (Brazil) _d17-18 Apr 1984 |
|
| 245 | 1 | _aEfeito de quatro niveis populacionais de Rachiplusia nu (Guenee, 1852)sobre o linho, cv. Taperafu [Linum usitatissimum, praga de planta, lagarta do linho, inseticida, Brasil] | |
| 246 | 1 | _a[Effect of four populational levels of Rachiplusia nu (Guenee, 1852)on flax, Taperafu cultivar [Linum usitatissimum, pest of plant, caterpillar, insecticide, Brazil]] | |
| 246 | 1 | _a[Contribution from the Experiment and Research Center to the 3. State Meeting of flax Research and Technical Assistance] | |
| 260 | 3 |
_aPorto Alegre, RS (Brasil): _c1984. |
|
| 500 | _aContribuicao do Centro de Experimentacao e Pesquisa a 3. Reuniao Estadual de Pesquisa e Assistencia Tecnica do Linho Porto Alegre, RS (Brasil): 1984. p. 50-57 (BR8500095-AM)H10 | ||
| 650 | _aPRAGA DE PLANTA | ||
| 650 | _aLAGARTA | ||
| 650 | _aLINHO | ||
| 650 | _aINSETICIDA | ||
| 773 | 0 |
_tContribuicao do Centro de Experimentacao e Pesquisa a 3. Reuniao Estadual de Pesquisa e Assistencia Tecnica do Linho _wH10 BR8500095 _gPorto Alegre, RS (Brasil), 1984. p. 50-57 |
|
| 909 |
_a202404 _bLucia _c55 _dLucia Elande |
||
| 942 |
_cAM _2AGRIS |
||
| 999 |
_c316974 _d316974 |
||